000
00276nam a22001097a 4500
082
_a
080/MUR
100
_a
Murphy,Joseph
_9
82092
245
_a
The Power Of Your Subconscious Mind
260
_a
Mumbai
_b
Jaico Publishing House
_c
2023
650
_a
Motivational
_9
17686
942
_c
BK
999
_c
66432
_d
66432